Music Quiz

Random Music or Country Music Quiz

Quick Pick: Hank Williams Jr Quiz Stats

 Plays Quiz not verified by Sporcle

Challenge
Share
Tweet
Embed
Score 0/10 Timer 01:00
0 Plays Today
% Correct
Friends
88.9%
Survive
87.6%
Bent
85%
Woulda
79.1%
Whiskey
71.9%
Lonesome
69.9%
Baby
52.9%
Standing
52.9%
Eleven
52.3%
Something
30.1%

You're not logged in!

Compare scores with friends on all Sporcle quizzes.
Join for Free
OR
Log In

You Might Also Like...

Show Comments

Extras

Top Quizzes Today


Score Distribution

Your Account Isn't Verified!

In order to create a playlist on Sporcle, you need to verify the email address you used during registration. Go to your Sporcle Settings to finish the process.

Report this User

Report this user for behavior that violates our Community Guidelines.

Details: